Top Universities in France - Statistics

General Stats
  • This quiz has been taken 34 times
  • The average score is 2 of 7
Answer Stats
French Rank University World Rank % Correct
3 Sorbonne 60
87%
5 Ecole Normal Superieure de Lyon 111
68%
1 PSL 26
29%
4 Paris-Saclay 69
23%
6 Ecole des Ponts ParisTech 174
0%
2 Institut Polytechnique de Paris 48
0%
7 Paris Citie 248
0%
No matching quizzes found
Score Distribution
Percent of People with Each Score
Percentile by Number Answered
Your Score History
You have not taken this quiz